000 00555nam a2200133Ia 4500
005 20260209120152.0
008 260209s9999||||xx |||||||||||||| ||und||
100 _aAriba Anwar
245 4 _aThe Indian pre-grant opposition landscape : mapping recent changes, assessing timeliness, and identifying reforms
260 _aBangaloreBangalore
_bNLSIU, Bangalore
_c2024 - 2025
300 _a52 p. ; 25 cm.
700 _aProf. Dr. Arul George Scaria - SupervisorProf. Dr. Arul George Scaria - Supervisor
856 _uhttps://dans.nls.ac.in/handle/123456789/2469
999 _c217768
_d217768